000
00270nam a2200121Ia 4500
008
190216s9999||||xx |||||||||||||| ||und||
100
_a
Damodaran Nair
245
0
_a
Tolstoy Kathakal
260
_b
Dc Books Kottayam
300
_a
211
650
_a
Kathakal
942
_c
BK
999
_c
27730
_d
27730